[Event "COL-ch sf"]
[Site "Ubate"]
[Date "2017.10.14"]
[Round "2"]
[White "Sarmiento, Carolina"]
[Black "Montenegro, Juan Rolando"]
[Result "0-1"]
[WhiteElo "1724"]
[BlackElo "2086"]
[PlyCount "88"]
[EventDate "2017.10.14"]
[EventType "swiss"]
[EventRounds "6"]
[EventCountry "COL"]
[SourceTitle "CBM 181 Extra"]
[Source "ChessBase"]
[SourceDate "2017.12.12"]
[SourceVersion "1"]
[SourceVersionDate "2017.12.12"]
[SourceQuality "1"]

1. e4 e6 2. Nf3 d5 3. Nc3 Nf6 4. d3 Be7 5. e5 Nfd7 6. d4 c5 7. Be2 Nc6 8. Bf4 cxd4 9. Nxd4 Ncxe5 10. 0-0 0-0 11. Be3 Nc6 12. f4 Bc5 13. Rf3 Bxd4 14. Bxd4 Nxd4 15. Qxd4 Qb6 16. Rd1 Qxd4+ 17. Rxd4 Nb6 18. Bd3 Bd7 19. Rh3 h6 20. g4 f6 21. Re3 g5 22. Bb5 gxf4 23. Rxf4 e5 24. Rb4 d4 25. Rd3 Be6 26. Ne4 Nd5 27. Ra4 a6 28. Bc4 b5 29. Bxd5 Bxd5 30. Ra5 Bxe4 31. Rd2 Kf7 32. a4 Bc6 33. axb5 axb5 34. Rxa8 Rxa8 35. c3 Rg8 36. h3 dxc3 37. bxc3 h5 38. Rd6 Be8 39. Rb6 hxg4 40. Rb7+ Ke6 41. Rb6+ Kf5 42. hxg4+ Rxg4+ 43. Kf2 Rc4 44. Rb8 Bc6 0-1

[Event "American Continental 13th"]
[Site "Medellin"]
[Date "2017.06.16"]
[Round "9"]
[White "Sarmiento, Carolina"]
[Black "Buitrago, Juan Carlos"]
[Result "0-1"]
[WhiteElo "1618"]
[BlackElo "2035"]
[PlyCount "79"]
[EventDate "2017.06.10"]
[EventType "swiss"]
[EventRounds "11"]
[EventCountry "COL"]
[SourceTitle "EXT 2018"]
[Source "ChessBase"]
[SourceDate "2017.10.13"]
[SourceVersion "1"]
[SourceVersionDate "2017.10.13"]
[SourceQuality "1"]

1. e4 e5 2. Nf3 Nc6 3. Bc4 Bc5 4. 0-0 Nf6 5. c3 Nxe4 6. d4 d5 7. Bb5 exd4 8. cxd4 Bd6 9. Nc3 Nxc3 10. bxc3 0-0 11. Re1 Bg4 12. Bd3 Qf6 13. Bg5 Qxg5 14. Nxg5 Bxd1 15. Raxd1 g6 16. Rb1 b6 17. Re2 Na5 18. g3 Rae8 19. Rbe1 Rxe2 20. Rxe2 Rd8 21. Kg2 c6 22. f4 h6 23. Nf3 Kg7 24. h4 Nc4 25. f5 gxf5 26. Bxf5 b5 27. Bd3 Kf8 28. h5 Re8 29. Bxc4 bxc4 30. Rxe8+ Kxe8 31. Ng1 c5 32. Ne2 Kd7 33. Kf3 cxd4 34. cxd4 f5 35. Nf4 Bxf4 36. gxf4 Kc6 37. Ke3 Kb5 38. Kd2 Kb4 39. Kc2 Ka3 40. Kc1 0-1

[Event "American Continental 13th"]
[Site "Medellin"]
[Date "2017.06.14"]
[Round "7"]
[White "Sarmiento, Carolina"]
[Black "Serrato, Rafael Antonio"]
[Result "1-0"]
[WhiteElo "1618"]
[BlackElo "1836"]
[PlyCount "51"]
[EventDate "2017.06.10"]
[EventType "swiss"]
[EventRounds "11"]
[EventCountry "COL"]
[SourceTitle "CBM 178 Extra"]
[Source "ChessBase"]
[SourceDate "2017.06.22"]
[SourceVersion "1"]
[SourceVersionDate "2017.06.22"]
[SourceQuality "1"]

1. e4 c5 2. Nf3 e6 3. d4 cxd4 4. Nxd4 a6 5. Nc3 Qc7 6. Be3 Nf6 7. Bd3 Be7 8. 0-0 d6 9. f4 Nc6 10. Qe2 0-0 11. Rad1 b5 12. Nxc6 Qxc6 13. e5 Nd7 14. Bd4 d5 15. Qf3 Bc5 16. Ne2 f5 17. g4 g6 18. gxf5 gxf5 19. Kh1 Bb7 20. Rg1+ Kh8 21. Rg3 Rf7 22. Rdg1 Raf8 23. Qg2 Qc8 24. Rg7 Qe8 25. c3 Bb6 26. Qg5 1-0

[Event "American Continental 13th"]
[Site "Medellin"]
[Date "2017.06.13"]
[Round "6"]
[White "Arboleda, Juan Manuel"]
[Black "Sarmiento, Carolina"]
[Result "1-0"]
[WhiteElo "1875"]
[BlackElo "1618"]
[PlyCount "43"]
[EventDate "2017.06.10"]
[EventType "swiss"]
[EventRounds "11"]
[EventCountry "COL"]
[SourceTitle "CBM 178 Extra"]
[Source "ChessBase"]
[SourceDate "2017.06.22"]
[SourceVersion "1"]
[SourceVersionDate "2017.06.22"]
[SourceQuality "1"]

1. e4 c5 2. Nf3 d6 3. d4 cxd4 4. Nxd4 Nf6 5. Nc3 a6 6. Bc4 Nbd7 7. 0-0 Qc7 8. Bb3 Nc5 9. Be3 e6 10. f4 Ncxe4 11. Nxe4 Nxe4 12. f5 e5 13. Ne2 Nf6 14. Nc3 Be7 15. Qf3 Bd7 16. Qg3 Qc6 17. Qxg7 0-0-0 18. Qxf7 Rdg8 19. Nd5 Be8 20. Nxe7+ Kd8 21. Nxc6+ Bxc6 22. Bb6+ 1-0

[Event "COL sub zt 2.3.4 (Women)"]
[Site "La Dorada"]
[Date "2016.11.05"]
[Round "6"]
[White "Andrade, Maria Alejandra"]
[Black "Sarmiento, Carolina"]
[Result "1-0"]
[WhiteElo "1786"]
[BlackElo "1630"]
[PlyCount "85"]
[EventDate "2016.11.02"]
[EventType "swiss"]
[EventRounds "9"]
[EventCountry "COL"]
[SourceTitle "CBM 175 Extra"]
[Source "ChessBase"]
[SourceDate "2016.12.12"]
[SourceVersion "1"]
[SourceVersionDate "2016.12.12"]
[SourceQuality "1"]

1. e4 c5 2. Nc3 Nc6 3. f4 e6 4. Nf3 Nge7 5. Bb5 a6 6. Bxc6 Nxc6 7. 0-0 Be7 8. d3 d5 9. Qe1 0-0 10. Kh1 dxe4 11. Nxe4 Nd4 12. Nxd4 cxd4 13. Qe2 b6 14. Bd2 Bb7 15. c3 dxc3 16. Bxc3 Rc8 17. Qg4 g6 18. Qh3 f5 19. Qh6 Rf7 20. Ng5 Bxg5 21. fxg5 Qxd3 22. Rae1 a5 23. Rg1 Qd5 24. Re3 f4 25. Rh3 e5 26. Rf3 Qxa2 27. Rgf1 Bxf3 28. gxf3 Qd5 29. h4 Qd3 30. Kg2 e4 31. h5 Qe2+ 32. Kg1 exf3 33. Rf2 Qe1+ 34. Bxe1 Rc1 35. Rf1 Re7 36. hxg6 Rcxe1 37. gxh7+ Kh8 38. Qf6+ Kxh7 39. g6+ Kg8 40. Rxe1 Rxe1+ 41. Kf2 Re2+ 42. Kxf3 Re3+ 43. Kf2 1-0

[Event "COL-ch U16 Girls"]
[Site "Bogota"]
[Date "2016.06.14"]
[Round "1"]
[White "Cayon, Laura Valentina"]
[Black "Sarmiento, Carolina"]
[Result "1-0"]
[WhiteElo "1565"]
[BlackElo "1620"]
[PlyCount "87"]
[EventDate "2016.06.14"]
[EventType "tourn"]
[EventRounds "9"]
[EventCountry "COL"]
[SourceTitle "EXT 2018"]
[Source "ChessBase"]
[SourceDate "2017.10.13"]
[SourceVersion "1"]
[SourceVersionDate "2017.10.13"]
[SourceQuality "1"]

1. d4 d5 2. Bf4 Bf5 3. Nf3 Nf6 4. e3 e6 5. h3 Bd6 6. Ne5 Nbd7 7. Be2 h6 8. Nd2 0-0 9. c4 c5 10. Nxf7 Rxf7 11. Bxd6 cxd4 12. exd4 Qb6 13. Ba3 Qxd4 14. Nf3 Qe4 15. 0-0 Nh5 16. Nd2 Qd4 17. Bxh5 g6 18. Be2 Ne5 19. cxd5 exd5 20. Nf3 Nxf3+ 21. Bxf3 Qxd1 22. Raxd1 Kg7 23. b3 Rd8 24. Rxd5 Rxd5 25. Bxd5 Rd7 26. Bf3 b6 27. Bb2+ Kf8 28. Rd1 Rxd1+ 29. Bxd1 Kf7 30. a3 h5 31. f3 Ke6 32. b4 a6 33. Bb3+ Ke7 34. Bd4 b5 35. Kf2 Kd6 36. Ke3 Ke7 37. Bd5 Kd6 38. Bb7 Bd7 39. Be4 Be8 40. g4 h4 41. Bf6 Ke6 42. Bxh4 Kf7 43. Bb7 a5 44. bxa5 1-0

[Event "COL pre olympic sf (Women)"]
[Site "Bogota"]
[Date "2016.05.29"]
[Round "8"]
[White "Sarmiento, Carolina"]
[Black "Paez, Sussi Brigitte"]
[Result "1-0"]
[WhiteElo "1602"]
[BlackElo "1324"]
[PlyCount "33"]
[EventDate "2016.05.25"]
[EventType "swiss"]
[EventRounds "9"]
[EventCountry "COL"]
[SourceTitle "CBM 172 Extra"]
[Source "ChessBase"]
[SourceDate "2016.06.21"]
[SourceVersion "1"]
[SourceVersionDate "2016.06.21"]
[SourceQuality "1"]

1. e4 c5 2. d4 cxd4 3. c3 dxc3 4. Nxc3 d6 5. Nf3 Nc6 6. Bc4 e6 7. Qe2 Be7 8. 0-0 a6 9. a4 Qc7 10. Rd1 Nf6 11. h3 0-0 12. Be3 Re8 13. Rac1 Qb8 14. Bf4 b6 15. e5 Nh5 16. Bh2 d5 17. Ba2 1-0

[Event "COL pre olympic sf (Women)"]
[Site "Bogota"]
[Date "2016.05.28"]
[Round "6"]
[White "Sarmiento, Carolina"]
[Black "Perez Valcarcel, Maria Jose"]
[Result "1-0"]
[WhiteElo "1602"]
[BlackElo "1453"]
[PlyCount "57"]
[EventDate "2016.05.25"]
[EventType "swiss"]
[EventRounds "9"]
[EventCountry "COL"]
[SourceTitle "CBM 172 Extra"]
[Source "ChessBase"]
[SourceDate "2016.06.21"]
[SourceVersion "1"]
[SourceVersionDate "2016.06.21"]
[SourceQuality "1"]

1. e4 c5 2. Nf3 e6 3. d4 cxd4 4. Nxd4 Nf6 5. Bd3 a6 6. 0-0 Be7 7. Nc3 d6 8. Be3 0-0 9. h3 Nbd7 10. Nb3 b5 11. a3 Bb7 12. f4 Nc5 13. Nxc5 dxc5 14. e5 Ne8 15. Qg4 f5 16. exf6 Rxf6 17. Rad1 Qc7 18. f5 c4 19. Be4 exf5 20. Bxf5 Bc5 21. Bd4 Qe5 22. Bxc5 Qxc5+ 23. Kh1 Rh6 24. Be6+ Kh8 25. Qd4 Bxg2+ 26. Kxg2 Qg5+ 27. Qg4 Qc5 28. Rd5 Nf6 29. Rxf6 1-0

[Event "COL-ch sf2 U16 Girls"]
[Site "Cartagena"]
[Date "2016.04.30"]
[Round "4.2"]
[White "Jaraba Andrade, Aura"]
[Black "Sarmiento, Carolina"]
[Result "0-1"]
[WhiteElo "1472"]
[BlackElo "1602"]
[PlyCount "28"]
[EventDate "2016.04.28"]
[EventType "swiss"]
[EventRounds "6"]
[EventCountry "COL"]
[SourceTitle "EXT 2024"]
[Source "ChessBase"]
[SourceDate "2023.10.10"]
[SourceVersion "1"]
[SourceVersionDate "2023.10.10"]
[SourceQuality "1"]

1. e4 c5 2. Nf3 Nc6 3. d4 cxd4 4. Nxd4 Nf6 5. Nc3 e5 6. Nf3 Bb4 7. Bd3 d5 8. Bd2 Bxc3 9. Bxc3 dxe4 10. Bxe4 Qxd1+ 11. Rxd1 Nxe4 12. Bxe5 Nxe5 13. Nxe5 0-0 14. 0-0 Be6 0-1

[Event "COL-ch sf2 U16 Girls"]
[Site "Cartagena"]
[Date "2016.04.29"]
[Round "3.3"]
[White "Sarmiento, Carolina"]
[Black "Cardenas Herrera, Angela"]
[Result "1-0"]
[WhiteElo "1602"]
[BlackElo "1550"]
[PlyCount "27"]
[EventDate "2016.04.28"]
[EventType "swiss"]
[EventRounds "6"]
[EventCountry "COL"]
[SourceTitle "EXT 2024"]
[Source "ChessBase"]
[SourceDate "2023.10.10"]
[SourceVersion "1"]
[SourceVersionDate "2023.10.10"]
[SourceQuality "1"]

1. e4 e5 2. Nf3 d6 3. d4 exd4 4. Nxd4 Nf6 5. Nc3 b6 6. Bg5 h6 7. Bh4 Be7 8. Bc4 Bb7 9. f3 Nxe4 10. Bxe7 Qxe7 11. fxe4 Bxe4 12. Nxe4 Qxe4+ 13. Qe2 Qxe2+ 14. Kxe2 1-0

[Event "COL-ch U20 Girls"]
[Site "Medellin"]
[Date "2016.03.16"]
[Round "1"]
[White "Gomez Guardo, Laura Melissa"]
[Black "Sarmiento, Carolina"]
[Result "1-0"]
[WhiteElo "1841"]
[BlackElo "1587"]
[PlyCount "43"]
[EventDate "2016.03.16"]
[EventType "swiss"]
[EventRounds "7"]
[EventCountry "COL"]
[SourceTitle "CBM 171 Extra"]
[Source "ChessBase"]
[SourceDate "2016.04.26"]
[SourceVersion "1"]
[SourceVersionDate "2016.04.26"]
[SourceQuality "1"]

1. d4 Nf6 2. c4 g6 3. Nf3 Bg7 4. Nc3 0-0 5. Bg5 d6 6. e3 c5 7. Be2 h6 8. Bh4 g5 9. Bg3 Nh5 10. 0-0 cxd4 11. Nxd4 Nxg3 12. hxg3 Nc6 13. Nxc6 bxc6 14. Qc2 Qc7 15. g4 Bb7 16. Bf3 d5 17. cxd5 cxd5 18. Rac1 Rac8 19. Qb3 e6 20. Ne2 Qd7 21. Ng3 Ba6 22. Rfe1 1-0

[Event "Bogota Region-ch U16"]
[Site "Bogota"]
[Date "2015.02.08"]
[Round "5.3"]
[White "Sarmiento, Carolina"]
[Black "Leon, Gustavo"]
[Result "0-1"]
[WhiteElo "1682"]
[BlackElo "1833"]
[PlyCount "38"]
[EventDate "2015.02.07"]
[EventType "swiss"]
[EventRounds "6"]
[EventCountry "COL"]
[SourceTitle "EXT 2024"]
[Source "ChessBase"]
[SourceDate "2023.10.10"]
[SourceVersion "1"]
[SourceVersionDate "2023.10.10"]
[SourceQuality "1"]

1. e4 e6 2. d4 d5 3. Nc3 Bb4 4. e5 c5 5. Nf3 Nc6 6. Be2 cxd4 7. Nxd4 Nxe5 8. Bf4 Nc6 9. Bb5 Bd7 10. Nxc6 Bxc6 11. Bxc6+ bxc6 12. 0-0 Qf6 13. Bd2 Bd6 14. Re1 h5 15. g3 h4 16. a3 hxg3 17. fxg3 Bc5+ 18. Kg2 Qf2+ 19. Kh1 Qxh2# 0-1

[Event "Bogota Region-ch U16"]
[Site "Bogota"]
[Date "2015.02.07"]
[Round "3.4"]
[White "Lopez Ramirez, Daniel Giovanny"]
[Black "Sarmiento, Carolina"]
[Result "0-1"]
[WhiteElo "1559"]
[BlackElo "1682"]
[PlyCount "25"]
[EventDate "2015.02.07"]
[EventType "swiss"]
[EventRounds "6"]
[EventCountry "COL"]
[SourceTitle "EXT 2024"]
[Source "ChessBase"]
[SourceDate "2023.10.10"]
[SourceVersion "1"]
[SourceVersionDate "2023.10.10"]
[SourceQuality "1"]

1. e4 c5 2. Nc3 Nc6 3. Bb5 e5 4. Nf3 Nge7 5. 0-0 a6 6. Ba4 b5 7. Nxb5 axb5 8. Bxb5 Bb7 9. d3 d6 10. Bc4 Na5 11. Bb5+ Nac6 12. Bg5 f6 13. Bh4 0-1

[Event "Ortega op 4th"]
[Site "Ortega"]
[Date "2014.07.04"]
[Round "3"]
[White "Sarmiento, Carolina"]
[Black "Salcedo Perez, Pablo Esteban"]
[Result "0-1"]
[WhiteElo "1494"]
[BlackElo "1976"]
[PlyCount "58"]
[EventDate "2014.07.03"]
[EventType "swiss"]
[EventRounds "7"]
[EventCountry "COL"]
[SourceTitle "EXT 2015"]
[Source "ChessBase"]
[SourceDate "2014.11.20"]
[SourceVersion "1"]
[SourceVersionDate "2014.11.20"]
[SourceQuality "1"]

1. e4 c5 2. Nf3 d6 3. d4 Nf6 4. Bd3 cxd4 5. c3 dxc3 6. Nxc3 Nc6 7. 0-0 e6 8. Be3 Be7 9. Rc1 0-0 10. Nd4 Nxd4 11. Bxd4 e5 12. Be3 Be6 13. Nd5 Bxd5 14. exd5 h6 15. Bb1 Qa5 16. f4 Nxd5 17. Qd3 g6 18. f5 Nxe3 19. Qxe3 Bg5 20. Qb3 Bxc1 21. fxg6 Qb6+ 22. Qxb6 axb6 23. gxf7+ Rxf7 24. Rxc1 Rff8 25. Rc7 Rfc8 26. Bh7+ Kh8 27. Rxb7 Rxa2 28. Bf5 Rc1+ 29. Kf2 Rxb2+ 0-1

[Event "Ortega op 4th"]
[Site "Ortega"]
[Date "2014.07.04"]
[Round "4"]
[White "Sarmiento, Carolina"]
[Black "Valencia Lopez, Daily Vanessa"]
[Result "1-0"]
[WhiteElo "1494"]
[BlackElo "1608"]
[PlyCount "57"]
[EventDate "2014.07.03"]
[EventType "swiss"]
[EventRounds "7"]
[EventCountry "COL"]
[SourceTitle "EXT 2015"]
[Source "ChessBase"]
[SourceDate "2014.11.20"]
[SourceVersion "1"]
[SourceVersionDate "2014.11.20"]
[SourceQuality "1"]

1. e4 c5 2. Nf3 d6 3. d4 cxd4 4. Nxd4 Nf6 5. Nc3 a6 6. Be3 Ng4 7. Bd2 e5 8. Nb3 Be6 9. Bd3 Be7 10. 0-0 Nc6 11. Kh1 0-0 12. h3 Nf6 13. f4 Qc7 14. Qe2 Rfd8 15. f5 Bxb3 16. cxb3 Nd4 17. Qf2 Rac8 18. Rac1 Qd7 19. Be3 Nc6 20. Na4 Rb8 21. Nb6 Qe8 22. Bc4 Nd7 23. Nd5 b5 24. Nc7 Qf8 25. Nxa6 bxc4 26. Nxb8 Rxb8 27. Rxc4 Nb4 28. Qd2 Na6 29. b4 1-0

[Event "COL-ch U14 Girls"]
[Site "Bogota"]
[Date "2014.06.02"]
[Round "7"]
[White "Toro Castaneda, Elizabeth"]
[Black "Sarmiento, Carolina"]
[Result "1-0"]
[WhiteElo "1639"]
[BlackElo "1418"]
[PlyCount "49"]
[EventDate "2014.05.29"]
[EventType "swiss"]
[EventRounds "7"]
[EventCountry "COL"]
[SourceTitle "CBM 160 Extra"]
[Source "ChessBase"]
[SourceDate "2014.07.01"]
[SourceVersion "1"]
[SourceVersionDate "2014.07.01"]
[SourceQuality "1"]

1. d4 d5 2. c4 c6 3. Nc3 Nf6 4. Bg5 e6 5. e3 h6 6. Bh4 Qa5 7. cxd5 Ne4 8. Qc2 cxd5 9. Bd3 Nd6 10. Nf3 Nc6 11. 0-0 f6 12. Bg3 Nf7 13. Bg6 Ke7 14. e4 e5 15. Nxd5+ Ke8 16. dxe5 Be6 17. exf6 Bxd5 18. fxg7 Bxg7 19. exd5 Qxd5 20. Rfe1+ Kf8 21. Rad1 Qxa2 22. Rd7 Ncd8 23. Qc5+ Kg8 24. Re8+ Bf8 25. Qxf8# 1-0